000 01200nam0a2200289 4500
001 RU\NLR\ONL1\4039
005 20260406072348.0
035 _a(NLR Aleph) 009632792
090 _a9504477
_c9504477
100 _a20041006d1995 |||y0rusy50 ca
101 0 _achm
102 _aRU
105 _aa |||||||||
200 1 _aМарисолан мут сылныже
_eСылнычут кружокыш коштшо-влакын ойпогышт
_fМарий Эл респ. тувыра м-выже, Респ. усталык рудер
_g[Семен Николаев чумырен]
210 _aЙошкар-Ола
_cРесп. усталык рудер
_d1995
215 _a221,[1] с.
_cил.
_d21
541 1 _aПрелесть слов из Марисола
_zrus
686 1 _aШ6(2=Мар)7я43
702 1 _4220
_8rus
_cмар. писатель
_7ca
_aНиколаев
_bС. В.
_f1936-
_gСемен Васильевич
_3RU\NLR\auth-onl\77115
_9130175
801 0 _aRU
_bNLR
_c20041006
_gPSBO
852 _aNLR
_jМар.л./3-2402
852 _aNLR
_bОНЛ
_jМар.л./3-2409
852 _aNLR
_bОНЛ
_jМар.л./3-2402
942 _cBOOK
980 _aNB